00618nam a22002057a 4500003000500000005001700005008004100022010001000063011001000073035001000083040000900093082001700102111008300119245001600202260007200218300002300290490002900313650004100342830002900383CHAP20220329140747.0971013s1975 r 10010 d a57203 a58175 a62330 cCHAP a581.463bS9500aSymposium on Post-harvest Physiology of Cut Flowers. (d1973c: Littlehampton) aProceedings aThe Hague :bInternational Society for Horticultural Science,c1975 a262 p.b; gráfs. aActa Horticulturaev; 4114aFloresxFisiología y morfología.0 aActa Horticulturaev; 41